The noble scholar, jurist, historian


 His Excellency Dr. Abdul Wahhab bin Ibrahim Abu Sulaiman, may Allah have mercy on him.


 He was born in Umm Al-Qura in the year 1356 AH.

عمارة القبور ؛ (Record no. 1934)

MARC details
000 -LEADER
fixed length control field 01467cam a2200277 i 4500
003 - CONTROL NUMBER IDENTIFIER
control field SA-RiAUC
005 - DATE AND TIME OF LATEST TRANSACTION
control field 20241030141759.0
008 - FIXED-LENGTH DATA ELEMENTS--GENERAL INFORMATION
fixed length control field 241029s1998 su g b 000 0 ara c
040 ## - CATALOGING SOURCE
Original cataloging agency SA-JeALM
Language of cataloging ara
Transcribing agency SA-RiAUC
Description conventions rda
082 04 - DEWEY DECIMAL CLASSIFICATION NUMBER
Classification number 215
090 ## - LOCALLY ASSIGNED LC-TYPE CALL NUMBER (OCLC); LOCAL CALL NUMBER (RLIN)
Classification number (OCLC) (R) ; Classification number, CALL (RLIN) (NR) 215
Local cutter number (OCLC) ; Book number/undivided call number, CALL (RLIN) م ع ل
100 1# - MAIN ENTRY--PERSONAL NAME
Personal name المعلمي، عبد الرحمن بن يحيى بن علي،
Dates associated with a name 1313-1386 هجري
Relator term مؤلف.
245 10 - TITLE STATEMENT
Title عمارة القبور ؛
Remainder of title عمارة القبور في الإسلام (المبيضة) و(المسودة) ؛ ويليه يسر العقيدة الإسلامية /
Statement of responsibility, etc. تأليف عبد الرحمن بن يحيى المعلمي اليماني ؛ تحقيق علي بن محمد العمران وفق المنهج المعتمد من بكر بن عبد الله أبو زيد.
264 #1 - PRODUCTION, PUBLICATION, DISTRIBUTION, MANUFACTURE, AND COPYRIGHT NOTICE
Place of production, publication, distribution, manufacture مكة المكرمة :
Name of producer, publisher, distributor, manufacturer المكتبة المكية،
Date of production, publication, distribution, manufacture, or copyright notice 1998
300 ## - PHYSICAL DESCRIPTION
Extent 445 صفحة.
Dimensions 24 سم
336 ## - CONTENT TYPE
Content type term نص
Content type code txt
Source rdacontent
Materials specified كتاب
337 ## - MEDIA TYPE
Media type term بدون وسيط
Media type code n
Source rdamedia
338 ## - CARRIER TYPE
Carrier type term مجلد
Carrier type code nc
Source rdacarrier
490 0# - SERIES STATEMENT
Series statement آثار الشيخ العلامة عبد الرحمن بن يحيى المعلمي ؛
Volume/sequential designation 5
650 #7 - SUBJECT ADDED ENTRY--TOPICAL TERM
Topical term or geographic name entry element المقابر
General subdivision زيارة
Source of heading or term aucsh
650 #7 - SUBJECT ADDED ENTRY--TOPICAL TERM
Topical term or geographic name entry element المقابر (فقه إسلامي)
Source of heading or term aucsh
700 ## - ADDED ENTRY--PERSONAL NAME
Personal name العمران، علي بن محمد،
Relator term محقق.
700 ## - ADDED ENTRY--PERSONAL NAME
Personal name أبو زيد، بكر بن عبد الله،
Dates associated with a name 1365-1429 هجري
Relator term مشرف
942 ## - ADDED ENTRY ELEMENTS (KOHA)
Source of classification or shelving scheme Dewey Decimal Classification
Koha item type Books
Suppress in OPAC No
949 ## - LOCAL PROCESSING INFORMATION (OCLC)
a SA-JeALM
d 241029
u khaled123
n 1
Holdings
Withdrawn status Lost status Source of classification or shelving scheme Damaged status Not for loan Home library Current library Date acquired Total checkouts Full call number Barcode Date last seen Price effective from Koha item type
    Dewey Decimal Classification     DR AbdElwahab Library DR AbdElwahab Library 10/30/2024   215 م ع ل 000002879 10/30/2024 10/30/2024 Books